| 000 | nam a22 7a 4500 | ||
|---|---|---|---|
| 999 |
_c28869 _d28869 |
||
| 008 | 170408b xxu||||| |||| 00| 0 eng d | ||
| 020 | _a9781608244447 | ||
| 050 | _aQA135.5 .M36 2011 | ||
| 100 | _aNancy Teas Crain | ||
| 245 |
_aMathematics Grade 4: _bStandard based instruction / _cNancy Teas Crain |
||
| 250 | _bGPS gold edition | ||
| 260 |
_aNew York : _bTriumph Learning, _c2011 |
||
| 300 |
_a263p. : _bill. ; _c27 cm |
||
| 440 | _aGeorgia Coach | ||
| 650 |
_aMathematics _xStudy _yTeaching |
||
| 942 |
_2lcc _cBOOKS _hQA135.5 .M36 2011 |
||